Individuación y bioética global : implicaciones para la sostenibilidad humana y planetaria /

Detalles Bibliográficos
Otros Autores: Osorio García, Sergio Néstor (Editor)
Formato: Electrónico eBook
Lenguaje:español
Publicado: Bogotá, Colombia : Editorial Aula de Humanidades, 2022.
Edición:Primera edición.
Colección:Colección Individuación (Editorial Aula de Humanidades). Serie Técnica.
Materias:
Acceso en línea:Digitalia Hispánica

MARC

LEADER 00000nam a2200000Ii 4500
001 DIGAUHUM0106
003 NyNyDIG
006 m o d
007 cr |||||||||||
008 260205s2022 ck a ob 000 0 spa d
035 |a (OCoLC)1573182172 
040 |a DGITA  |b eng  |e rda  |e pn  |c DGITA 
020 |a 9789585196650  |q (versión digital) 
020 |z 9789585196643  |q (versión impresa) 
050 1 4 |a QH332 ebook 
245 0 0 |a Individuación y bioética global :  |b implicaciones para la sostenibilidad humana y planetaria /  |c Sergio Néstor Osorio García (coord.). 
250 |a Primera edición. 
264 1 |a Bogotá, Colombia :  |b Editorial Aula de Humanidades,  |c 2022. 
300 |a 1 online resource :  |b illustrations. 
336 |a text  |b txt  |2 rdacontent 
337 |a computer  |b c  |2 rdamedia 
338 |a online resource  |b cr  |2 rdacarrier 
347 |a text file  |2 rdaft 
347 |b PDF 
490 1 |a Colección: Individuación. Serie: Técnica 
504 |a Includes bibliographical references. 
588 0 |a Online resource; title from PDF title page (Digitalia, viewed February 5, 2026) 
650 0 |a Individuation (Philosophy) 
650 0 |a Bioethics. 
600 1 0 |a Simondon, Gilbert  |x Criticism and interpretation. 
700 1 |a Osorio García, Sergio Néstor,  |e editor. 
791 2 |a Digitalia (Firm),  |e distributor. 
793 0 |g Digitalia eBook Collection:  |a Editorial Aula de Humanidades 
776 0 8 |i Print version:  |t Individuación y bioética global.  |b Primera edición.  |d Bogotá, Colombia : Editorial Aula de Humanidades, 2022  |z 9789585196643 
830 0 |a Colección Individuación (Editorial Aula de Humanidades).  |p Serie Técnica. 
856 4 0 |3 Digitalia Hispánica  |u https://www.digitaliapublishing.com/a/182556/ 
910 |a Premium collection: 2026